[Event "Valby K41 op 0607"]
[Site "Valby"]
[Date "2007.01.23"]
[Round "6"]
[White "Frederiksen, Alan"]
[Black "Nilsson, Erling"]
[Result "0-1"]
[WhiteElo "1638"]
[BlackElo "1915"]
[PlyCount "64"]
[EventDate "2006.11.14"]
[EventType "swiss"]
[EventRounds "9"]
[EventCountry "DEN"]
[SourceTitle "EXT 2018"]
[Source "ChessBase"]
[SourceDate "2017.10.13"]
[SourceVersion "1"]
[SourceVersionDate "2017.10.13"]
[SourceQuality "1"]

1. d4 e6 2. c4 b6 3. a3 Bb7 4. Nc3 Nf6 5. d5 Be7 6. e4 exd5 7. cxd5 d6 8. g3 0-0 9. Bg2 Nbd7 10. Nge2 Re8 11. 0-0 Nf8 12. Nd4 N6d7 13. Re1 Bf6 14. Be3 Ne5 15. f4 Neg6 16. Rc1 a6 17. Qd3 Ne7 18. b4 Qd7 19. b5 Bxd4 20. Bxd4 f5 21. e5 dxe5 22. Bxe5 axb5 23. Qxb5 Qd8 24. Bxc7 Qxc7 25. d6 Qxd6 26. Bxb7 Rab8 27. Red1 Qxa3 28. Bg2 Red8 29. Qc4+ Kh8 30. Qc7 Rbc8 31. Rxd8 Qxc1+ 32. Bf1 Rxc7 0-1